On This Day: May 4th II Quiz Stats

 Plays Quiz Updated May 4, 2018

Score 0/7 Timer 03:00
0 Plays Today
Question Answer Wrong Answers
Israeli Prime Minister Yitzhak Rabin and PLO leader Yasser Arafat sign a peace accord, granting Palestinian self-rule in the ______ Strip and Jericho.
1994
Gaza
92.3%
Giza
3.4%
Goza
1.3%
Guza
0.8%
This awards ceremony, which recognizes achievement in the mainly English-language music industry, is held for the first time.
1959
Grammy Awards
88.9%
Academy Awards
2.7%
Tony Awards
3.7%
Emmy Awards
3.4%
White and African American civil rights activists, known as the ______, depart Washington, D.C. on interstate buses to protest segregated bus terminals in the South.
1961
Freedom Riders
85.7%
Liberty Travelers
2.9%
Civil Rights Passengers
8.5%
Commuters For Democracy
1.2%
In Atlanta, mobster Al Capone begins serving an eleven-year prison sentence for ______.
1932
Tax Evasion
84.1%
Grand Larceny
1.2%
Money Laundering
4.7%
Racketeering
9%
Former White House aide Oliver North is convicted of three crimes for his role in this political scandal, though his convictions are later overturned on appeal.
1989
Iran–Contra Affair
76.3%
Watergate Scandal
17.4%
Gulf of Tonkin Incident
1.5%
Whitewater Controversy
2.9%
The Haymarket affair begins in this US city after a bomb is thrown at policemen trying to break up a labor rally.
1886
Chicago
67.7%
Seattle
5.2%
Los Angeles
4.4%
New York
22.5%
Ken Livingstone becomes the first Mayor of ______.
2000
London
44%
Wellington
19%
Canberra
22.9%
Ottawa
11.9%

You're not logged in!

Compare scores with friends on all Sporcle quizzes.
OR
Log In

Sporcle TV

Today on Sporcle TV


Watch our educational content, quiz creation guides, and fun videos on Sporcle TV.

Show Comments

Extras

Top Quizzes Today


Score Distribution

Your Account Isn't Verified!

In order to create a playlist on Sporcle, you need to verify the email address you used during registration. Go to your Sporcle Settings to finish the process.

Report this User

Report this user for behavior that violates our Community Guidelines.

Details: